| 000 | 01210nam a22003017a 4500 | ||
|---|---|---|---|
| 005 | 2009052107297.0 | ||
| 008 | 080527s2009 waua 001 0 eng d | ||
| 010 | _aENG-93657 | ||
| 020 |
_a9788120336858 _c695.00 |
||
| 035 | _aEN-77190 | ||
| 037 | _bDBAD / PUB | ||
| 040 |
_adpl _bEnglish |
||
| 082 | _a005.71376 | ||
| 100 | _aMancuso, Paul | ||
| 245 |
_aMCITP self-paced training kit (exam 70-237): designing messaging solutions with Microsoft Exchange Server 2007 / _cby Paul Mancuso, David R. Miller (and) Sam Sena with GrandMasters. |
||
| 260 |
_aNew Delhi _bPHI Learning _c2009 |
||
| 270 |
_aM-97, Connaught Circus, _bNew Delhi _e110001 |
||
| 300 |
_axxvii, 705 p. : _bill. _c23cm(pbk) + _eCD-ROM |
||
| 500 | _a"Covers service pack 1"--Cover. | ||
| 500 | _aIncludes index. | ||
| 650 | _aMicrosoft Exchange Server. | ||
| 650 | _aClient/server computing. | ||
| 650 | _aElectronic mail systems. | ||
| 700 | _aMiller, David R. | ||
| 700 | _aSena, Sam. | ||
| 942 |
_2ddc _cEN _mMAN _h005.71376 |
||
| 999 |
_c26667 _d26667 |
||